Estadísticas para Equipos de la Federal A de Argentina

Haz click aquí para intentar la prueba.

Estadísticas generales

  • Esta prueba ha sido intentada 23 veces
  • La puntuación promedio es 25 de 33

Estadísticas de respuestas

Respuesta% Correcto
Boca Unidos
90%
Germinal
90%
Gimnasia y Tiro de Salta
90%
Independiente de Chivilcoy
90%
Olimpo
90%
Sol de América
90%
9 de Julio de Rafaela
85%
Atenas
85%
Biblioteca Ramón Santamarina
85%
Central Norte de Salta
85%
Cipolletti
85%
Crucero del Norte
85%
Douglas Haig
85%
Juventud Unida Universitario
85%
San Martín de Formosa
85%
Gimnasia y Esgrima de Concepción del Uruguay
80%
Juventud Antoniana
80%
Sarmiento
80%
Sol de Mayo
75%
Sportivo Belgrano
75%
Villa Mitre
75%
Huracán de Las Heras
70%
Sansinena
70%
Ciudad Bolívar
65%
Defensores de Pronunciamiento
65%
Estudiantes de San Luis
65%
Ferro Carril Oeste de General Pico
65%
Sportivo Peñarol
65%
Unión de Sunchales
65%
Círculo Deportivo
60%
Sportivo Las Parejas
60%
Liniers de Bahía Blanca
55%
El Linqueño
50%

Distribución de puntuación

Porcentaje por número respondido

Porcentaje de gente con cada puntuación

Historial de tus puntuaciones

No has intentado esta prueba.